| 000 | 01586nam a2200325 c 4500 | ||
|---|---|---|---|
| 999 |
_c182162 _d182162 |
||
| 003 | BLK | ||
| 005 | 20220323153246.0 | ||
| 008 | 180411b bul|||||r ||||||| ||bul|| | ||
| 010 | _aKNG00191085000 | ||
| 040 | _aBLK | ||
| 041 |
_aBUL _cBUL |
||
| 080 |
_aВътрешна политика. Вж и 329 _b323 _x(497.2) _z323(497.2) |
||
| 080 |
_aПолитически партии и движения _b329 _x(497.2) _z329(497.2) |
||
| 139 |
_aДвубой без компромиси _bД 29 |
||
| 245 | 1 | 0 |
_aДвубой без компромиси _bУч. помагало за системата на комсомолската просв. _c Цвета Василева; състав. Станка Янакиева Величкова. |
| 257 | _aBGR | ||
| 260 |
_aСофия _bНар. младеж _c1981 |
||
| 300 |
_a200 с. _c20 см |
||
| 380 | _a3 | ||
| 490 | 1 | _aВ помощ на политическата учебна година на Димитровския комсомол | |
| 500 | _aДруги авт.: Д. Георгиева, Т. Радков, Л. Райков, Ст. Величкова, Й. Димова, З. Захариев, М. Дикова. - 10 000 тир. | ||
| 650 | 4 |
_aДКМС - идейно-политическа работа - материали _9342843 |
|
| 700 | 1 |
_aВасилева, Цвета _9378757 |
|
| 700 | 1 |
_aВеличкова, Станка Янакиева _eсъстав. _9320894 |
|
| 852 | _aЦб 111965 | ||
| 856 | 4 | _qpdf | |
| 856 | 4 | _qpdf | |
| 942 |
_cKNG _n0 _s1 |
||
| 944 |
_aCR _c29.09.2016 _kНора_Радева |
||
| 944 |
_aED _c29.09.2016 _kНора_Радева |
||
| 999 | _d182162 | ||